Statistics for Best NFL duo's all-time

Click here to take the quiz!

General Stats

  • This quiz has been taken 45 times
    (31 since last reset)
  • The average score is 13 of 15

Answer Stats

One of the playersOther player% Correct
Josh AllenStefon Diggs
100%
Joe BurrowJa'Marr Chase
96%
Joe MontanaJerry Rice
96%
Steve YoungJerry Rice
96%
Patrick MahomesTravis Kelce
96%
Jaylen WaddleTyreek Hill
96%
Tua TagovailoaTyreek Hill
96%
Patrcik MahomesTyreek Hill
96%
Kirk CousinsJustin Jefferson
92%
GronkTom Brady
92%
Matthew StaffordCalvin Johnson
75%
Payton ManningMarvin Harrison
75%
Jon KitnaChad Johnson
67%
Mike EvansChris Godwin
67%
Randall CunninghamRandy Moss
38%

Score Distribution

Percentile by Number Answered

Percent of People with Each Score

Your Score History

You have not taken this quiz since the last reset